000 00256nam a2200097Ia 4500
001 780898
005 20250826170133.0
008 250824s9999 xx 000 0 und d
245 0 _aKENDİNİ BİLEN RABBİNİ BİLİR
_cUĞUR KOŞAR
260 _bDESTEK YAYINLARI
999 _c780898
_d780898